书目信息 |
| 题名: |
语言
|
|
| 作者: | ;中国教育科学研究院早期教育研究中心 编 | |
| 分册: | 大班上 | |
| 出版信息: | 北京 教育科学出版社 2017.06 |
|
| 页数: | 36页 | |
| 开本: | 20×21cm | |
| 丛书名: | ||
| 单 册: | ||
| 中图分类: | G613.4 | |
| 科图分类: | ||
| 主题词: | 数学课--Shu Xue Ke--学前教育--教学参考资料 | |
| 电子资源: | ||
| ISBN: | 978-7-5191-1117-5 | |
| 000 | 00877nam0 2200265 450 | |
| 001 | 0103152656 | |
| 005 | 20201104100925.47 | |
| 010 | @a978-7-5191-1117-5@dCNY7.20 | |
| 100 | @a20180714e20182017bemy0chiy50 ea | |
| 101 | 0 | @achi |
| 102 | @aCN@b110000 | |
| 105 | @aa z 000yy | |
| 106 | @ar | |
| 200 | 1 | @a语言@AYi Shu@i大班上@f中国教育科学研究院早期教育研究中心编 |
| 205 | @a3版 | |
| 210 | @a北京@c教育科学出版社@d2017.06@h2018.06 | |
| 215 | @a36页@c图@d20×21cm | |
| 300 | @a幼儿园和谐发展课程幼儿阅读资源综合版 | |
| 300 | @a与数学操作材料配套使用 | |
| 330 | @a幼儿园和谐发展课程 | |
| 606 | 0 | @a数学课@AShu Xue Ke@x学前教育@j教学参考资料 |
| 690 | @aG613.4@v5 | |
| 711 | 02 | @a中国教育科学研究院早期教育研究中心@AZhong Guo Jiao Yu Ke Xue Yan Jiu Yuan Zao Qi Jiao Yu Yan Jiu Zhong Xin@4编 |
| 801 | 0 | @aCN@bBJSZM@c20201103 |
| 905 | @b1257196-200@dG613.4@e1086=3@f5 | |
| 语言.大班上/中国教育科学研究院早期教育研究中心编.-3版.-北京:教育科学出版社,2017.06(2018.06) |
| 36页:图;20×21cm |
| 幼儿园和谐发展课程幼儿阅读资源综合版.-与数学操作材料配套使用 |
| ISBN 978-7-5191-1117-5:CNY7.20 |
| 幼儿园和谐发展课程 |
| ● |
| 相关链接 |
|
|
|
|
正题名:语言
索取号:G613.4/1086=3
 
预约/预借
| 序号 | 登录号 | 条形码 | 馆藏地/架位号 | 状态 | 备注 |
| 1 | 1257196 | 212571965 | 第一样本阅览室/ [索取号:G613.4/1086=3] | 在馆 | |
| 2 | 1257197 | 212571974 | 教育系资料室/ [索取号:G613.4/1086=3] | 在馆 | |
| 3 | 1257198 | 212571983 | 教育系资料室/ [索取号:G613.4/1086=3] | 在馆 | |
| 4 | 1257199 | 212571992 | 第四借阅区/ [索取号:G613.4/1086=3] | 在馆 | |
| 5 | 1257200 | 212572009 | 第四借阅区/ [索取号:G613.4/1086=3] | 在馆 |